Alstroemeriaceae no estado do Rio de Janeiro (Registro n. 327998)
[ somente texto ]
| 000 -LÍDER | |
|---|---|
| fixed length control field | 02183nab a2200265 i 4500 |
| 003 - CÓDIGO MARC DA AGÊNCIA CATALOGADORA | |
| Campo de controle | BR-BrBNA |
| 005 - DATA E HORA DA ÚLTIMA ATUALIZAÇÃO | |
| Campo de controle | 20241008150525.0 |
| 008 - CAMPO DE TAMANHO FIXO | |
| fixed length control field | 241008b2004 bl.qr|pooa||| 00| 0 por | |
| 040 ## - FONTE DA CATALOGAÇÃO | |
| Agência catalogadora | BR-BrBNA |
| Idioma da catalogação | por |
| 072 ## - CATEGORIA AGRIS | |
| Código AGRIS | F70 |
| 100 ## - ENTRADA PRINCIPAL - NOME PESSOAL | |
| Nome pessoal | Assis, Marta Camargo de |
| 245 ## - TÍTULO PRINCIPAL | |
| Título principal | Alstroemeriaceae no estado do Rio de Janeiro |
| 500 ## - NOTA GERAL | |
| Nota geral | Publicação on-line; 10 ref.; 2 illus.; Summaries (En, Pt) |
| 942 ## - ADDED ENTRY ELEMENTS (KOHA) | |
| Koha item type | Analítica |
| 520 ## - NOTA DE RESUMO | |
| Nota de conteúdo | <br/>RESUMO<br/><br/>(Alstroemeriaceae no estado do Rio de Janeiro) Neste trabalho são apresentadas as espécies de Alstroemeriaceae<br/>do estado do Rio de Janeiro, Brasil. A família é representada na área pelo gênero Alstroemeria, incluindo<br/>cinco espécies: A. caryophyllaea Jacq., A. cunha Vell., A. foliosa Mart. ex Schult. & Schult. f., A. isabelleana<br/>Herb., A. radula Dusén e pelo gênero Bomarea incluindo apenas a espécie B. edulis (Tussac) Herb. Novas<br/>sinonimizações, chaves de identificação, descrição das espécies, ilustrações e comentários são aqui<br/>apresentados.<br/><br/>Palavras-chave: Alstroemeriaceae, florística, Rio de Janeiro, Brasil. |
| 520 ## - NOTA DE RESUMO | |
| Nota de conteúdo | <br/>ABSTRACT<br/><br/>(Alstroemeriaceae in the Rio de Janeiro state) This paper presents the species of Alstroemeriaceae of Rio de<br/>Janeiro State, Brazil. The family is represented in the area by two genera: Alstroemeria and Bomarea.<br/>Alstroemeria includes five species: A. caryophyllaea Jacq., A. cunha Vell., A. foliosa Mart. ex Schult. &<br/>Schult. f., A. isabelleana Herb. and A. radula Dusén. Bomarea includes just one species, B. edulis (Tussac)<br/>Herb. New synonyms, key to genera and species, descriptions, illustrations and comments are presented.<br/><br/>Key-words: Alstroemeriaceae, floristic, Rio de Janeiro, Brazil. |
| 650 ## - ASSUNTO - THESAGRO | |
| Cabeçalho tópico ou nome geográfico | COMPOSIÇÃO BOTÂNICA |
| 650 ## - ASSUNTO - THESAGRO | |
| Cabeçalho tópico ou nome geográfico | PLANTA ORNAMENTAL |
| 650 ## - ASSUNTO - THESAGRO | |
| Cabeçalho tópico ou nome geográfico | HERBÁRIO |
| 650 ## - ASSUNTO - THESAGRO | |
| Cabeçalho tópico ou nome geográfico | RIO DE JANEIRO |
| 650 ## - ASSUNTO - THESAGRO | |
| Cabeçalho tópico ou nome geográfico | BRAZIL |
| 773 0# - ENTRADA ANALÍTICA | |
| Host Biblionumber | 709 |
| Registro do item | 345195 |
| Imprenta | Rio de Janeiro-RJ Jardim Botanico do Rio de Janeiro 1935 |
| Outro identificador | 2024-5688 |
| Título | Rodriguésia (Brazil) |
| ISSN | 0370-6583; 2175-7860 on-line |
| Colação | v. 55(85) p. 5-15; (2004) |
| Número de controle de registro | BR2024003225 |
| 856 ## - ACESSO E ENDEREÇO ELETRÔNICO | |
| Identificador uniforme de recurso - URI | https://www.scielo.br/j/rod/a/KdCyNK3WRqtbJs44vszVsDg/?format=pdf&lang=pt |
Nenhum exemplar disponível.

BINAGRI